| 000 | 00872nam a22002417a 4500 | ||
|---|---|---|---|
| 003 | OSt | ||
| 005 | 20150408113919.0 | ||
| 008 | 110827s 2010le a g 000| 00| 0 d | ||
| 020 | _a9953290628 | ||
| 040 |
_cmu _aara _bmb |
||
| 082 |
_221 _a004.692 _bل ج خ |
||
| 100 |
_aلامبرت، جوان. _93230 |
||
| 245 | _aMicrosoft outlook 2003 خطوة خطوة | ||
| 250 | _aط. 1. | ||
| 260 |
_aبيروت : _bالدار العربية للعلوم _c2003 م. |
||
| 300 |
_a312 ص : _bإيض. ؛ _c24 سم. |
||
| 500 | _aالكتاب ترجمة للأصل الإنجليزي : Microsoft outlook 2010, step by step | ||
| 650 |
_aمايكروسوفت أوت لوك _93415 |
||
| 650 |
_aالبريد الإلكتروني _93416 |
||
| 700 |
_aكوكس، جويس، _eم. مشارك. _93186 |
||
| 700 |
_aعوكي، أوليغ، _eمترجم. _93176 |
||
| 942 |
_2ddc _cBOOK |
||
| 999 |
_c14364 _d248864 |
||